000
00265nam a22001097a 4500
008
231204b |||||||| |||| 00| 0 eng d
100
_a
Vajpeyee Bhagwati Prasad
_9
7292
245
_a
Sneh Bati aur Lai
260
_b
prabhat Pub;
_c
1966;
300
_a
271p
942
_c
BK
999
_c
40449
_d
40449